| 000 | 00572nam a22001935i 4500 | ||
|---|---|---|---|
| 001 | 98930 | ||
| 003 | ES-MaACL | ||
| 007 | t| | ||
| 008 | 950918s1878 gw ||||1| eng d | ||
| 040 |
_aCAM _bspa _cCAM |
||
| 100 | 1 |
_aEdwards, Annie. _946664 |
|
| 245 | 1 | 0 |
_aJet _b: her face or her fortune? / _cby Mrs. Edwardes. |
| 260 |
_aLeipzig : _bBernhard Tauchnitz, _c1878. |
||
| 300 |
_a288 p. ; _c16 cm. |
||
| 490 | 1 |
_aCollection of British authors ; _v1752 |
|
| 830 | 0 |
_aCollection of British authors ; _v1752 _9180703 |
|
| 852 |
_aES-MaACL _jG-11593 |
||
| 999 |
_c98930 _d98930 |
||